| 000 | 00636nam a2200229 a 4500 | ||
|---|---|---|---|
| 005 | 20220930063640.0 | ||
| 008 | 991125n 000 0 eng u | ||
| 035 | _aUPN01000066026 | ||
| 100 | _aARONOWITZ, Stanley | ||
| 222 | _aHARVARD EDUCATIONAL REVIEW (MASSACHUSETTS, EUA) | ||
| 245 | _aBet-ween nationality and class | ||
| 300 | _a188-207 | ||
| 362 | _a1997 vol. 67, no. 2, summer | ||
| 653 | 0 | _aESTADOS UNIDOS DE AMERICA | |
| 653 | 0 | _aGRUPOS ETNICOS | |
| 653 | 0 | _aGRUPOS MINORITARIOS | |
| 653 | 0 | _aINMIGRANTES | |
| 653 | 0 | _aSOCIEDAD | |
| 650 | 2 |
_aMovilidad social _916154 |
|
| 904 |
_aAC _b003837 |
||
| 905 | _aArticulo | ||
| 999 |
_c63254 _d63254 |
||